| 000 | 00565nam a2200193 i 4500 | ||
|---|---|---|---|
| 001 | bg | ||
| 100 | 1 | _aDESAI, Chandrakant S. | |
| 245 | 0 |
_aIntroduction to the finite element method : _ba numerical method of engineering analysis / _cChandrakant S. Desai, John F. Abel. |
|
| 260 |
_aNew York, _c1972. |
||
| 650 | 9 | _aMetoda elementów skończonych | |
| 700 | 1 | _aABEL, John F. | |
| 020 | _a0442220839 | ||
| 040 | _cBPK | ||
| 041 | _apol | ||
| 080 | _a624:539.3/.6:519.6 | ||
| 920 | _a0-442-22083-9 | ||
| 942 | _cKS | ||
| 008 | s pl f |000 0 pol | ||
| 999 |
_c26213 _d26213 |
||
| 856 |
_uhttp://koha.tu.koszalin.pl/cgi-bin/koha/opac-detail.pl?biblionumber=26213 _yKatalog online BPK |
||